Malý labyrint literatury /

Hlavní autor: Karpatský, Dušan, 1935-2017
Jazyk: Čeština
Vydáno: Praha : Albatros, 2001
Vydání: 3., dopl. vyd.
Edice: Klub mladých čtenářů (Albatros)
Témata:
Fyzický popis: 671 s. : il. ; 16 cm
Knihy
Uloženo v:
LEADER 01550nam a2200433 a 4500
001 000571691
003 CZ BrMZK
005 20190830165854.0
007 ta
008 010825s2001 xr c d cze d
015 |a cnb001023706 
020 |a 80-00-00972-2 
035 |a (OCoLC)50343679 
040 |a BOA001  |b cze 
072 7 |a 82.0  |x Literatura (teorie)  |2 Konspekt  |9 11 
072 7 |a 0/9-053.2  |x Literatura pro děti a mládež (naučná)  |2 Konspekt  |9 26 
080 |a 821(100)  |2 MRF 
080 |a 821(100)-051  |2 MRF 
080 |a 82.0  |2 MRF 
080 |a (038.072)  |2 MRF 
080 |a (0.053.2)  |2 MRF 
100 1 |a Karpatský, Dušan,  |d 1935-2017  |7 jk01053088  |4 aut 
245 1 0 |a Malý labyrint literatury /  |c Dušan Karpatský 
250 |a 3., dopl. vyd. 
260 |a Praha :  |b Albatros,  |c 2001 
300 |a 671 s. :  |b il. ;  |c 16 cm 
490 1 |a Klub mladých čtenářů 
504 |a Obsahuje bibliografii 
521 8 |a Pro čtenáře od 12 let 
650 0 7 |a světová literatura  |7 ph116360  |2 czenas 
650 0 7 |a světoví spisovatelé  |7 ph126339  |2 czenas 
650 0 7 |a literární teorie  |7 ph116427  |2 czenas 
655 7 |a výkladové slovníky  |7 fd133855  |2 czenas 
655 7 |a publikace pro děti  |7 fd133156  |2 czenas 
830 0 |a Klub mladých čtenářů (Albatros)  |0 s 
910 |a BOA001  |b 1-1091.444 
990 |a BK 
996 6 |b 2610144816  |c 1-1091.444  |l MZK  |r Sklad / do 1 hodiny  |n 11  |p p.v.  |w 000571691  |u 000010  |a 1  |e BOA001  |j MZK50  |s P 
996 7 |b 2610144817  |c 1-1091.444  |l MZK  |r Sklad / do 1 hodiny  |n 58  |p kup  |w 000571691  |u 000020  |a 1  |e BOA001  |j MZK50  |s A